<?xml version="1.0" encoding="UTF-8"?>
<record
    xmlns:xsi="http://www.w3.org/2001/XMLSchema-instance"
    xsi:schemaLocation="http://www.loc.gov/MARC21/slim http://www.loc.gov/standards/marcxml/schema/MARC21slim.xsd"
    xmlns="http://www.loc.gov/MARC21/slim">

  <leader>00954nam a2200301Ia 4500</leader>
  <controlfield tag="003">OSt</controlfield>
  <controlfield tag="005">20251118125517.0</controlfield>
  <controlfield tag="008">210210b2008   xxu||||| |||| 00| 0 eng d</controlfield>
  <datafield tag="020" ind1=" " ind2=" ">
    <subfield code="a">8177132407</subfield>
  </datafield>
  <datafield tag="040" ind1=" " ind2=" ">
    <subfield code="c">AL</subfield>
  </datafield>
  <datafield tag="041" ind1=" " ind2=" ">
    <subfield code="a">Kannada</subfield>
  </datafield>
  <datafield tag="082" ind1=" " ind2=" ">
    <subfield code="a">630K KANI</subfield>
  </datafield>
  <datafield tag="100" ind1=" " ind2=" ">
    <subfield code="a">KANNADA PUSTAKA PRADHIKARA</subfield>
    <subfield code="d">&#xC95;&#xCA8;&#xCCD;&#xCA8;&#xCA1; &#xCAA;&#xCC1;&#xCB8;&#xCCD;&#xCA4;&#xC95; &#xCAA;&#xCCD;&#xCB0;&#xCBE;&#xCA7;&#xCBF;&#xC95;&#xCBE;&#xCB0;</subfield>
    <subfield code="9">246170</subfield>
  </datafield>
  <datafield tag="245" ind1=" " ind2=" ">
    <subfield code="a">E nelada baduku: kannada nadina krashi acharanegalu</subfield>
    <subfield code="b">&#xC88; &#xCA8;&#xCC6;&#xCB2;&#xCA6; &#xCAC;&#xCA6;&#xCC1;&#xC95;&#xCC1;: &#xC95;&#xCA8;&#xCCD;&#xCA8;&#xCA1; &#xCA8;&#xCBE;&#xCA1;&#xCBF;&#xCA8; &#xC95;&#xCC3;&#xCB7;&#xCBF;  &#xC86;&#xC9A;&#xCB0;&#xCA3;&#xCC6;&#xC97;&#xCB3;&#xCC1; </subfield>
  </datafield>
  <datafield tag="260" ind1=" " ind2=" ">
    <subfield code="a">Bengaluru</subfield>
    <subfield code="b">Kannada Pusthaka Pradhikara</subfield>
    <subfield code="c">2008</subfield>
  </datafield>
  <datafield tag="300" ind1=" " ind2=" ">
    <subfield code="a">xvi,123</subfield>
  </datafield>
  <datafield tag="440" ind1=" " ind2=" ">
    <subfield code="a">5</subfield>
    <subfield code="9">246171</subfield>
  </datafield>
  <datafield tag="650" ind1=" " ind2=" ">
    <subfield code="a">nelada</subfield>
    <subfield code="9">246172</subfield>
  </datafield>
  <datafield tag="650" ind1=" " ind2=" ">
    <subfield code="a">nadina</subfield>
    <subfield code="9">246173</subfield>
  </datafield>
  <datafield tag="650" ind1=" " ind2=" ">
    <subfield code="a">krashi</subfield>
    <subfield code="9">246174</subfield>
  </datafield>
  <datafield tag="650" ind1=" " ind2=" ">
    <subfield code="a">kannada</subfield>
    <subfield code="9">246175</subfield>
  </datafield>
  <datafield tag="650" ind1=" " ind2=" ">
    <subfield code="a">I</subfield>
    <subfield code="9">246176</subfield>
  </datafield>
  <datafield tag="650" ind1=" " ind2=" ">
    <subfield code="a">baduku:</subfield>
    <subfield code="9">246177</subfield>
  </datafield>
  <datafield tag="650" ind1=" " ind2=" ">
    <subfield code="a">acharanegalu</subfield>
    <subfield code="9">246178</subfield>
  </datafield>
  <datafield tag="690" ind1=" " ind2=" ">
    <subfield code="a">Agriculture</subfield>
    <subfield code="9">246179</subfield>
  </datafield>
  <datafield tag="906" ind1=" " ind2=" ">
    <subfield code="a">064410</subfield>
  </datafield>
  <datafield tag="942" ind1=" " ind2=" ">
    <subfield code="2">ddc</subfield>
    <subfield code="c">BK</subfield>
  </datafield>
  <datafield tag="999" ind1=" " ind2=" ">
    <subfield code="c">140535</subfield>
    <subfield code="d">140535</subfield>
  </datafield>
  <datafield tag="952" ind1=" " ind2=" ">
    <subfield code="0">0</subfield>
    <subfield code="1">0</subfield>
    <subfield code="2">ddc</subfield>
    <subfield code="4">0</subfield>
    <subfield code="7">0</subfield>
    <subfield code="8">KAN</subfield>
    <subfield code="a">AL</subfield>
    <subfield code="b">AL</subfield>
    <subfield code="c">Agriculture</subfield>
    <subfield code="d">2021-02-17</subfield>
    <subfield code="e">Kannada Pustaka Pradikara, Bengaluru-560002</subfield>
    <subfield code="g">50.00</subfield>
    <subfield code="l">0</subfield>
    <subfield code="o">630K KANI</subfield>
    <subfield code="p">064410</subfield>
    <subfield code="r">2021-02-17 00:00:00</subfield>
    <subfield code="w">2021-02-17</subfield>
    <subfield code="y">BK</subfield>
  </datafield>
</record>
